Browse's introduction to the symptoms & signs of surgical disease
Saved in:
| Other Authors: | , , |
|---|---|
| Format: | Book |
| Language: | English |
| Published: |
Boca Raton, FL
CRC Press
2021
|
| Edition: | Sixth edition |
| Subjects: | |
| Tags: |
Add Tag
No Tags, Be the first to tag this record!
|
| Call Number : | WO 141 .B769 2021 |
MARC
| LEADER | 00000nam a2200000 c 4500 | ||
|---|---|---|---|
| 001 | 88735 | ||
| 003 | MY-KLNDU | ||
| 005 | 20241219044552.0 | ||
| 008 | 221104 20212021flua 001 0 eng d | ||
| 020 | |a 9781138330085 (pbk) | ||
| 020 | |a 9781138330405 (hbk) | ||
| 039 | 9 | |a 202211041254 |b VLOAD |c 202112131505 |d rafizah |y 202107162344 |z dewi | |
| 040 | |a UPNM |b eng |c UPNM |e rda | ||
| 060 | |a WO 141 | ||
| 090 | |a WO 141 |b .B769 2021 | ||
| 245 | 0 | 0 | |a Browse's introduction to the symptoms & signs of surgical disease |c edited by James A. Gossage, Matthew F. Bultitude, Steven A. Corbett ; associate editors Katherine M. Burnand, Rajiv Lahiri ; emeritus editor Kevin Burnand |
| 246 | 3 | 0 | |a Introduction to the symptoms and signs of surgical disease |
| 250 | |a Sixth edition | ||
| 264 | 1 | |a Boca Raton, FL |b CRC Press |c 2021 | |
| 264 | 4 | |c © 2021 | |
| 300 | |a xiii, 644 pages |b illustrations |c 25 cm | ||
| 336 | |a text |2 rdacontent | ||
| 337 | |a unmediated |2 rdamedia | ||
| 338 | |a volume |2 rdacarrier | ||
| 500 | |a Includes index | ||
| 505 | 0 | |a History-taking and clinical examination -- The heart, lungs and pleura -- The brain, central nervous system and peripheral nerves -- The skin and subcutaneous tissues -- Major injuries -- Bones, joints, muscles and tendons -- Upper limb -- Lower limb -- Spine and pelvis -- The arteries, veins and lymphatics -- The mouth, tongue and lips -- The neck -- The breast -- The abdominal wall, hernias and the umbilicus -- The abdomen -- The rectum and anal canal -- The kidney, urinary tract and prostate -- The external genitalia. | |
| 592 | |a 00015516/21 |b 20/9/2021 |c RM 194.35 |h Areesh | ||
| 650 | 1 | 2 | |a Diagnostic Techniques, Surgical |
| 650 | 2 | 2 | |a Physical Examination |
| 700 | 1 | |a Gossage, James A. |e editor | |
| 700 | 1 | |a Bultitude, Matthew F. |e editor | |
| 700 | 1 | |a Corbett, Steven A. |e editor | |
| 999 | |a vtls000100086 |c 88735 |d 88735 | ||


